[Event "FRA-ch opA"]
[Site "Reims"]
[Date "2004.04.21"]
[Round "5"]
[White "Pialot, Florent"]
[Black "Diedler, Florent"]
[Result "1-0"]
[WhiteElo "1760"]
[BlackElo "1960"]
[PlyCount "89"]
[EventDate "2004.04.??"]
[EventType "swiss"]
[EventRounds "9"]
[EventCountry "FRA"]
[SourceTitle "EXT 2005"]
[Source "ChessBase"]
[SourceDate "2004.11.15"]
[SourceVersion "1"]
[SourceVersionDate "2004.11.15"]
[SourceQuality "1"]

1. e4 e6 2. d4 d5 3. Nc3 Nf6 4. Bg5 Be7 5. e5 Nfd7 6. Bxe7 Qxe7 7. Nf3 a6 8. Qd2 c5 9. a3 Nc6 10. dxc5 Ndxe5 11. Nxe5 Nxe5 12. b4 0-0 13. Be2 Bd7 14. 0-0 a5 15. Nb5 Qh4 16. Qd4 Qxd4 17. Nxd4 Nc6 18. Nxc6 bxc6 19. c3 e5 20. f3 f5 21. c4 Rfb8 22. b5 d4 23. a4 e4 24. fxe4 fxe4 25. Rf4 d3 26. Rxe4 dxe2 27. Rxe2 cxb5 28. Re7 b4 29. Rxd7 Rd8 30. c6 Rac8 31. Re1 Kf8 32. Rf1+ Kg8 33. Rf5 b3 34. Rxa5 Rxd7 35. cxd7 Rd8 36. Rb5 Rxd7 37. Rxb3 Rd2 38. a5 g5 39. a6 Ra2 40. Rb6 g4 41. c5 Kf8 42. c6 g3 43. hxg3 Ke8 44. a7 Rxa7 45. Rb8+ 1-0

[Event "Paris Apsap op 39th"]
[Site "Paris"]
[Date "2003.02.15"]
[Round "1"]
[White "Simon, Olivier"]
[Black "Diedler, Florent"]
[Result "1-0"]
[WhiteElo "2293"]
[BlackElo "1790"]
[PlyCount "55"]
[EventDate "2003.02.23"]
[EventType "swiss"]
[EventRounds "7"]
[EventCountry "FRA"]
[SourceTitle "EXT 2004"]
[Source "ChessBase"]
[SourceDate "2003.11.25"]
[SourceVersion "1"]
[SourceVersionDate "2003.11.25"]
[SourceQuality "1"]

1. e4 e5 2. Nf3 Nc6 3. Bb5 a6 4. Ba4 Nf6 5. 0-0 d6 6. Re1 Bg4 7. c3 Be7 8. d3 0-0 9. Nbd2 Nd7 10. h3 Bh5 11. Nf1 Nc5 12. Bc2 Ne6 13. Ng3 Bxf3 14. Qxf3 Bg5 15. Nf5 Bxc1 16. Raxc1 Ne7 17. d4 exd4 18. Nxd4 c5 19. Nxe6 fxe6 20. Qg4 Qd7 21. Bb3 Rf6 22. Rcd1 Ng6 23. e5 Rf4 24. Bxe6+ Kh8 25. Bxd7 Rxg4 26. Bxg4 Nxe5 27. Rxd6 Nxg4 28. hxg4 1-0